<?xml version="1.0" encoding="UTF-8"?>
<record
    xmlns:xsi="http://www.w3.org/2001/XMLSchema-instance"
    xsi:schemaLocation="http://www.loc.gov/MARC21/slim http://www.loc.gov/standards/marcxml/schema/MARC21slim.xsd"
    xmlns="http://www.loc.gov/MARC21/slim">

  <leader>00529nam a22001577a 4500</leader>
  <controlfield tag="003">OSt</controlfield>
  <controlfield tag="005">20151207094808.0</controlfield>
  <controlfield tag="008">151207b        xxu||||| |||| 00| 0 eng d</controlfield>
  <datafield tag="040" ind1=" " ind2=" ">
    <subfield code="c">RUA</subfield>
  </datafield>
  <datafield tag="082" ind1=" " ind2=" ">
    <subfield code="a">ATM KOU 2005 B193 Or.1</subfield>
  </datafield>
  <datafield tag="100" ind1=" " ind2=" ">
    <subfield code="9">4432</subfield>
    <subfield code="a">KOUN, KORSEY.</subfield>
  </datafield>
  <datafield tag="245" ind1=" " ind2=" ">
    <subfield code="a">the rehabition of kompongthom province water supply (&#x1782;&#x17C6;&#x179A;&#x17C4;&#x1784;&#x179F;&#x17D2;&#x178F;&#x17B6;&#x179A;&#x179A;&#x178A;&#x17D2;&#x178B;&#x17B6;&#x1780;&#x179A;&#x1791;&#x17B9;&#x1780;&#x1791;&#x17B8;&#x179A;&#x17BD;&#x1798;&#x1781;&#x17C1;&#x178F;&#x17D2;&#x178F;&#x1780;&#x17C6;&#x1796;&#x1784;&#x17CB;&#x1792;&#x17C6;)</subfield>
  </datafield>
  <datafield tag="260" ind1=" " ind2=" ">
    <subfield code="a">Phnom Penh</subfield>
    <subfield code="b">RUA</subfield>
    <subfield code="c">2005</subfield>
  </datafield>
  <datafield tag="300" ind1=" " ind2=" ">
    <subfield code="a">ix, 42p.</subfield>
    <subfield code="b">ill.</subfield>
    <subfield code="c">29cm.</subfield>
  </datafield>
  <datafield tag="942" ind1=" " ind2=" ">
    <subfield code="2">ddc</subfield>
    <subfield code="c">ATM</subfield>
  </datafield>
  <datafield tag="999" ind1=" " ind2=" ">
    <subfield code="c">4133</subfield>
    <subfield code="d">4133</subfield>
  </datafield>
  <datafield tag="952" ind1=" " ind2=" ">
    <subfield code="0">0</subfield>
    <subfield code="1">0</subfield>
    <subfield code="2">ddc</subfield>
    <subfield code="4">0</subfield>
    <subfield code="6">ATM_KOU_2005_000000000000000_B193_OR_1</subfield>
    <subfield code="7">0</subfield>
    <subfield code="9">20781</subfield>
    <subfield code="a">LBB</subfield>
    <subfield code="b">LBB</subfield>
    <subfield code="c">B193</subfield>
    <subfield code="d">2015-12-07</subfield>
    <subfield code="o">ATM KOU 2005 B193 Or.1</subfield>
    <subfield code="p">RUA039016</subfield>
    <subfield code="r">2015-12-07</subfield>
    <subfield code="w">2015-12-07</subfield>
    <subfield code="y">ATM</subfield>
  </datafield>
  <datafield tag="952" ind1=" " ind2=" ">
    <subfield code="0">0</subfield>
    <subfield code="1">0</subfield>
    <subfield code="2">ddc</subfield>
    <subfield code="4">0</subfield>
    <subfield code="6">ATM_KOU_2005_000000000000000_B193_OR_2</subfield>
    <subfield code="7">0</subfield>
    <subfield code="9">20782</subfield>
    <subfield code="a">LBB</subfield>
    <subfield code="b">LBB</subfield>
    <subfield code="c">B193</subfield>
    <subfield code="d">2015-12-07</subfield>
    <subfield code="o">ATM KOU 2005 B193 Or.2</subfield>
    <subfield code="p">RUA038950</subfield>
    <subfield code="r">2015-12-07</subfield>
    <subfield code="w">2015-12-07</subfield>
    <subfield code="y">ATM</subfield>
  </datafield>
  <datafield tag="952" ind1=" " ind2=" ">
    <subfield code="0">0</subfield>
    <subfield code="1">0</subfield>
    <subfield code="2">ddc</subfield>
    <subfield code="4">0</subfield>
    <subfield code="6">ATM_KOU_2005_000000000000000_B193_OR_3</subfield>
    <subfield code="7">0</subfield>
    <subfield code="9">20783</subfield>
    <subfield code="a">LBB</subfield>
    <subfield code="b">LBB</subfield>
    <subfield code="c">B193</subfield>
    <subfield code="d">2015-12-07</subfield>
    <subfield code="o">ATM KOU 2005 B193 Or.3</subfield>
    <subfield code="p">RUA038382</subfield>
    <subfield code="r">2015-12-07</subfield>
    <subfield code="w">2015-12-07</subfield>
    <subfield code="y">ATM</subfield>
  </datafield>
  <datafield tag="952" ind1=" " ind2=" ">
    <subfield code="0">0</subfield>
    <subfield code="1">0</subfield>
    <subfield code="2">ddc</subfield>
    <subfield code="4">0</subfield>
    <subfield code="6">ATM_KOU_2005_000000000000000_B193_OR_4</subfield>
    <subfield code="7">0</subfield>
    <subfield code="9">20784</subfield>
    <subfield code="a">LBB</subfield>
    <subfield code="b">LBB</subfield>
    <subfield code="c">B193</subfield>
    <subfield code="d">2015-12-07</subfield>
    <subfield code="o">ATM KOU 2005 B193 Or.4</subfield>
    <subfield code="p">RUA038701</subfield>
    <subfield code="r">2015-12-07</subfield>
    <subfield code="w">2015-12-07</subfield>
    <subfield code="y">ATM</subfield>
  </datafield>
  <datafield tag="952" ind1=" " ind2=" ">
    <subfield code="0">0</subfield>
    <subfield code="1">0</subfield>
    <subfield code="2">ddc</subfield>
    <subfield code="4">0</subfield>
    <subfield code="6">ATM_KOU_2005_000000000000000_B193_OR_5</subfield>
    <subfield code="7">0</subfield>
    <subfield code="9">20785</subfield>
    <subfield code="a">LBB</subfield>
    <subfield code="b">LBB</subfield>
    <subfield code="c">B193</subfield>
    <subfield code="d">2015-12-07</subfield>
    <subfield code="l">1</subfield>
    <subfield code="o">ATM KOU 2005 B193 Or.5</subfield>
    <subfield code="p">RUA038438</subfield>
    <subfield code="r">2019-04-29</subfield>
    <subfield code="s">2019-03-15</subfield>
    <subfield code="w">2015-12-07</subfield>
    <subfield code="y">ATM</subfield>
  </datafield>
</record>
